=LDR 00000nam 2200000 4500 =001 INLIS000000000049038 =005 20170221115754.0 =006 =007 =008 =020 ##$$a 978-979-29-4768-7 =035 ##$$0010-011700000000319 =040 ##$$a NBPDMAT =082 ##$$a 665 .776 =090 ##$$a 665 .776 Pan p =245 ##$$a Panduan praktis membuat biogas portable skala rumah tangga & industri / $c Dr . Ir hardoyono =250 ##$$a ( etal ) =260 ##$$a Yogyakarta : $b Lily publisher, $c 2014 =300 ##$$a VI 52 hlm . : $b ilus . ; $c 21 cm =500 ##$$a Bibliografi : hlm .47 - 50 =500 ##$$a Biografi : hlm .51 - 52 =650 ##$$a Bogas =700 ##$$a Hardoyo